Árboles y arbustos del Parque Regional Arví / (Registro nro. 2078)

Detalles MARC
000 -CABECERA
Campo de control 01114nam a2200301 a 4500
005 - FECHA Y HORA DE LA ULTIMA TRANSACCION
Campo de control 20160111041204.0
008 - ELEMENTOS DE LONGITUD FIJA—INFORMACION GENERAL
Campo de control 140304t2000 ck abo gr|||| 001 0 spa d
020 ## - ISBN
ISBN 9589663931
040 ## - FUENTE DE CATALOGACIÓN
Agencia catalogadora original CO-BoIAVH
Agencia transcriptora CO-BoIAVH
041 0# - IDIOMA
Código de idioma para texto/pista de sonido o título separado Español
044 ## - PAÍS DE PUBLICACIÓN
País de publicación Colombia
082 04 - NUMERO DE CLASIFICACION DECIMAL DEWEY
Número de clasificación 582.16
Número del ítem T68a2
100 1# - ASIENTO PRINCIPAL--NOMBRE PERSONAL
Nombre personal Toro Murillo, Juan Lázaro
Término relacionado Autor
9 (RLIN) 1557
245 1# - MENCION DE TITULO
Título Árboles y arbustos del Parque Regional Arví /
Mención de responsabilidad Juan Lázaro Toro Murillo
250 ## - MENCION DE EDICION
Mención de edición Primera Edición
260 ## - PUBLICACION, DISTRIBUCION, ETC. (PIE DE IMPRENTA)
Lugar de publicación, distribución, etc. Medellín :
Nombre del editor, distribuidor, etc. Corporación Autónoma Regional del Centro de Antioquía ,
Fecha de publicación, distribución, etc. 2000.
300 ## - DESCRIPCION FISICA
Extensión 282 páginas :
Otros detalles físicos Ilustraciones, fotografías ;
Dimensiones 21 x 14 cm.
650 06 - ASIENTO SECUNDARIO DE MATERIA - TERMINO TEMATICO
Término temático o nombre geográfico como elemento de entrada Arboles
Subdivisión general Clasificación
Subdivisión geográfica Antioquia (Colombia)
9 (RLIN) 49109
650 06 - ASIENTO SECUNDARIO DE MATERIA - TERMINO TEMATICO
Término temático o nombre geográfico como elemento de entrada Arbustos
Subdivisión general Clasificación
Subdivisión geográfica Antioquia (Colombia)
9 (RLIN) 49110
650 06 - ASIENTO SECUNDARIO DE MATERIA - TERMINO TEMATICO
Término temático o nombre geográfico como elemento de entrada Gimnospermas
9 (RLIN) 3541
650 06 - ASIENTO SECUNDARIO DE MATERIA - TERMINO TEMATICO
Término temático o nombre geográfico como elemento de entrada Angiospermas
Subdivisión general Clasificación
Subdivisión geográfica Colombia
9 (RLIN) 49111
650 06 - ASIENTO SECUNDARIO DE MATERIA - TERMINO TEMATICO
Término temático o nombre geográfico como elemento de entrada Monocotiledoneas
9 (RLIN) 14469
650 06 - ASIENTO SECUNDARIO DE MATERIA - TERMINO TEMATICO
Término temático o nombre geográfico como elemento de entrada Dicotiledoneas
9 (RLIN) 14470
650 06 - ASIENTO SECUNDARIO DE MATERIA - TERMINO TEMATICO
Término temático o nombre geográfico como elemento de entrada Nomenclatura
Subdivisión general Arboles
9 (RLIN) 49112
650 06 - ASIENTO SECUNDARIO DE MATERIA - TERMINO TEMATICO
Término temático o nombre geográfico como elemento de entrada Inventarios
Subdivisión general Arboles
9 (RLIN) 49113
662 ## - ASIENTO SECUNDARIO DE MATERIA - JERARQUIA DEL NOMBRE DE LUGAR(
País o entidad mayor Colombia
Jurisdicción política intermedia Parque Regional Arví
Jurisdicción política de primer orden Antioquia
942 ## - ELEMENTOS ADICIONALES (KOHA)
Tipo de ítem Libro
Sistema de clasificación Dewey Decimal Classification
Existencias
Withdrawn status Lost status Sistema de Clasificación Damaged status No para préstamo Colección Inventariado Ubicación Permanente Ubicación actual Fecha de adquisición Fuente de Valor Valor Total Checkouts Número topográfico Inventario / Código de Barras Date last seen Ejemplar Price effective from Forma de adquisición Tipo de material
    Dewey Decimal Classification     General Inventariado 2017 Bogotá Bogotá 29/01/2001 Instituto 30000.00   LB-582.16 T68a2 002576 04/12/2012 Ej. 1 04/12/2012   Libro